Simplified Mechanics and Strength of Materials (Record no. 1973)

MARC details
005 - DATE AND TIME OF LATEST TRANSACTION
control field 20250625133458.0
020 ## - INTERNATIONAL STANDARD BOOK NUMBER
International Standard Book Number 0-471-66562-2
082 ## - DEWEY DECIMAL CLASSIFICATION NUMBER
Classification number LM 620.1 PAR
100 ## - MAIN ENTRY--PERSONAL NAME
Author name PARKER, H.
245 ## - TITLE STATEMENT
Title Simplified Mechanics and Strength of Materials
250 ## - EDITION STATEMENT
Edition statement 3rd Ed.
260 ## - PUBLICATION, DISTRIBUTION, ETC.
Place of publication, distribution, etc. New York
Name of publisher, distributor, etc. A Wiley=Interscience Publication
Date of publication, distribution, etc. 1977
300 ## - PHYSICAL DESCRIPTION
Extent xv,325p.: ill.; tables,
Other physical details Index
Dimensions 22cm.
942 ## - ADDED ENTRY ELEMENTS (KOHA)
Source of classification or shelving scheme Dewey Decimal Classification
Koha item type Books
Holdings
Date last seen Total checkouts Full call number Barcode Cost, replacement price Price effective from Koha item type Lost status Source of classification or shelving scheme Damaged status Not for loan Withdrawn status Home library Current library Shelving location Date acquired Cost, normal purchase price
05/06/2025   LM 620.1 PAR 0000004380 73800.00 05/06/2025 Books   Dewey Decimal Classification       College of Business Education Main Library College of Business Education Main Library General Collection 10/09/1979 24600.00
05/06/2025   LM 620.1 PAR 0000004381 73800.00 05/06/2025 Books   Dewey Decimal Classification       College of Business Education Main Library College of Business Education Main Library General Collection 10/09/1979 24600.00